El Conflicto social
Na minha lista:
| Autor principal: | |
|---|---|
| Formato: | Texto |
| Publicado em: |
Madrid:
Siglo XXI
|
| Tags: |
Adicionar Tag
Sem tags, seja o primeiro a adicionar uma tag!
|
MARC
| LEADER | 00000 a a2200000 04500 | ||
|---|---|---|---|
| 001 | 25756 | ||
| 003 | |||
| 040 | |||
| 020 | |a 84-323-0505-7 | ||
| 090 | |a 173800 | ||
| 100 | |a Rex, John | ||
| 245 | |a El Conflicto social | ||
| 260 | |a Madrid: |b Siglo XXI | ||
| 300 | |a 149 p | ||
| 999 | |c 13653 |d 13653 | ||



